Statistics for People Who Died in 2018

Click here to take the quiz!

General Stats

  • This quiz has been taken 110 times
  • The average score is 6 of 15

Answer Stats

HintPerson% Correct
41st President of the United States whose son was also a president.George H.W. Bush
95%
Singer with an amazing voice. Known as the "Queen of Soul."Aretha Franklin
74%
Theoretical physicist that theorized on black holes. He also was diagnosed with ALS and had a robotic voice.Stephen Hawking
72%
First name of the wife of above.Barbara Bush
69%
Marvel comic book writer who was known for his cameos and his catchphrase, "Excelsior!"Stan Lee
65%
Republican candidate for 2008 presidential election.John McCain
58%
Ex-boyfriend of pop singer Ariana Grande, who featured in her song "The Way."Mac Miller
34%
American chef and television host with shows such as "A Cook's Tour."Anthony Bourdain
31%
One of the most notable evangelists in modern history, having served as a counselor to every president from Truman to Obama. Billy Graham
23%
She was the original Lois Lane in the "Superman" film series.Margot Kidder
21%
Known as "Mini-Me" in "Austin Powers: The Spy Who Shagged Me."Verne Troyer
20%
Television and film actor who was known for box office hits such as "Boogie Nights" and "Gunsmoke."Burt Reynolds
16%
He co-founded Microsoft with Bill Gates.Paul Allen
15%
Marine biologist that created the Nickelodeon show, "Spongebob Squarepants."Stephen Hillenburg
14%
Icelandic actor who was known as Robbie Rotten in "Lazy Town."Stefan Kárl Stefánsson
12%

Score Distribution

Percentile by Number Answered

Percent of People with Each Score

Your Score History

You have not taken this quiz